[Event "GRE-ch U14"]
[Site "Porto Rio"]
[Date "2016.06.29"]
[Round "3"]
[White "Zgouletas, Ioannis"]
[Black "Papakonstantinou, Georgios"]
[Result "1-0"]
[WhiteElo "1499"]
[BlackElo "1361"]
[PlyCount "69"]
[EventDate "2016.06.28"]
[EventType "swiss"]
[EventRounds "9"]
[EventCountry "GRE"]
[SourceTitle "CBM 173 Extra"]
[Source "ChessBase"]
[SourceDate "2016.08.29"]
[SourceVersion "1"]
[SourceVersionDate "2016.08.29"]
[SourceQuality "1"]

1. e4 c5 2. Nf3 d6 3. Bc4 Nf6 4. Qe2 g6 5. c3 Bg7 6. d4 cxd4 7. cxd4 0-0 8. 0-0 Nc6 9. Rd1 e6 10. Nc3 d5 11. Bb3 dxe4 12. Nxe4 Nxe4 13. Qxe4 Re8 14. Bg5 Qa5 15. d5 Bd7 16. dxc6 Bxc6 17. Bd2 Bxb2 18. Qxc6 bxc6 19. Bxa5 Bxa1 20. Rxa1 c5 21. g3 Reb8 22. Ng5 Rb5 23. Bd2 Rd8 24. Be3 a5 25. Ne4 c4 26. Bxc4 Rb4 27. Nd2 a4 28. Bf1 f5 29. Nf3 Re8 30. Ng5 e5 31. a3 Rb2 32. Bc4+ Kg7 33. Rd1 f4 34. gxf4 exf4 35. Bd4+ 1-0

[Event "GRE-ch U14"]
[Site "Rio Achaia"]
[Date "2015.06.30"]
[Round "7.18"]
[White "Papakonstantinou, Georgios"]
[Black "Stratis, Nikiforos"]
[Result "1/2-1/2"]
[WhiteElo "1389"]
[BlackElo "1222"]
[PlyCount "91"]
[EventDate "2015.06.26"]
[EventType "swiss"]
[EventRounds "9"]
[EventCountry "GRE"]
[SourceTitle "EXT 2024"]
[Source "ChessBase"]
[SourceDate "2023.10.10"]
[SourceVersion "1"]
[SourceVersionDate "2023.10.10"]
[SourceQuality "1"]

1. e4 e5 2. Nf3 Nc6 3. d4 exd4 4. Bc4 h6 5. Nxd4 Nxd4 6. Qxd4 Qf6 7. Qxf6 Nxf6 8. 0-0 Bc5 9. Bf4 d6 10. Nc3 0-0 11. h3 Be6 12. Bd3 c6 13. a3 Rad8 14. Rad1 d5 15. exd5 Nxd5 16. Nxd5 Bxd5 17. Rd2 Rfe8 18. Rfd1 Rd7 19. Kf1 Rde7 20. f3 Be3 21. Bxe3 Rxe3 22. Kf2 R3e7 23. b3 c5 24. Bf1 Bc6 25. Bd3 Kf8 26. c4 Kg8 27. Bf1 Kf8 28. Rd8 Kg8 29. Rxe8+ Rxe8 30. Bd3 Kf8 31. Re1 Rxe1 32. Kxe1 Ke7 33. Kd2 a6 34. a4 Ke6 35. Ke3 Ke5 36. g3 Ke6 37. g4 Ke5 38. f4+ Kf6 39. Be4 Bxe4 40. Kxe4 Ke6 41. f5+ Kd6 42. h4 f6 43. Kf4 Ke7 44. g5 h5 45. g6 a5 46. Ke4 1/2-1/2

[Event "GRE-ch U14"]
[Site "Rio Achaia"]
[Date "2015.06.29"]
[Round "6.18"]
[White "Posonidis, Theodoros"]
[Black "Papakonstantinou, Georgios"]
[Result "1/2-1/2"]
[WhiteElo "1147"]
[BlackElo "1389"]
[PlyCount "74"]
[EventDate "2015.06.26"]
[EventType "swiss"]
[EventRounds "9"]
[EventCountry "GRE"]
[SourceTitle "EXT 2024"]
[Source "ChessBase"]
[SourceDate "2023.10.10"]
[SourceVersion "1"]
[SourceVersionDate "2023.10.10"]
[SourceQuality "1"]

1. d4 Nf6 2. c4 e6 3. Nc3 Bb4 4. Qc2 Qe7 5. Nf3 d6 6. Bd2 Bxc3 7. Bxc3 Nbd7 8. e4 e5 9. d5 Nc5 10. Nd2 0-0 11. b4 Ncd7 12. Nb3 b6 13. a4 Bb7 14. a5 a6 15. b5 axb5 16. cxb5 bxa5 17. Nxa5 Rfb8 18. Bd3 Nc5 19. 0-0 Ng4 20. h3 Nf6 21. Bb4 Nxd3 22. Qxd3 Nh5 23. Bd2 Nf6 24. Nc6 Bxc6 25. bxc6 h6 26. f3 Nh5 27. Rfb1 Nf4 28. Bxf4 exf4 29. Rxb8+ Rxb8 30. Rb1 Rxb1+ 31. Qxb1 Qh4 32. Qf1 Qe7 33. Qb5 Kh7 34. Qe2 Qe5 35. Kf1 Kg8 36. Qd3 Qa1+ 37. Kf2 Qa7+ 1/2-1/2

[Event "GRE-chT 42nd"]
[Site "Porto Rio"]
[Date "2014.07.03"]
[Round "7.10"]
[White "Karousos Theodorakis, Nikolaos"]
[Black "Papakonstantinou, Georgios"]
[Result "1-0"]
[WhiteElo "1840"]
[BlackElo "1310"]
[PlyCount "77"]
[EventDate "2014.06.28"]
[EventType "team-swiss"]
[EventRounds "7"]
[EventCountry "GRE"]
[SourceTitle "CBM 161 Extra"]
[Source "ChessBase"]
[SourceDate "2014.08.29"]
[SourceVersion "1"]
[SourceVersionDate "2014.08.29"]
[SourceQuality "1"]
[WhiteTeam "Korinthias Argonaftis"]
[BlackTeam "Irakleiou CN"]
[WhiteTeamCountry "GRE"]
[BlackTeamCountry "GRE"]

1. e4 c5 2. Nf3 d6 3. Bb5+ Nc6 4. 0-0 Bd7 5. Re1 a6 6. Bf1 e6 7. c3 Be7 8. d4 cxd4 9. cxd4 Nf6 10. Nc3 0-0 11. d5 exd5 12. exd5 Na7 13. Be3 Re8 14. h3 Nb5 15. Nxb5 axb5 16. a3 b4 17. Qb3 bxa3 18. Rxa3 Rxa3 19. bxa3 Qa8 20. Rb1 Bf5 21. Bd3 Bxd3 22. Qxd3 b6 23. Rb5 Qa6 24. Qb3 Nd7 25. Nd2 Nc5 26. Rxb6 Nxb3 27. Rxa6 Nxd2 28. Bxd2 h6 29. Bb4 Rd8 30. a4 Bf6 31. Bxd6 Rc8 32. Bg3 Rc1+ 33. Kh2 h5 34. h4 g5 35. Rxf6 gxh4 36. Bxh4 Rc4 37. Bg3 Rxa4 38. Rf4 Ra6 39. Rd4 1-0

[Event "GRE-chT 42nd"]
[Site "Porto Rio"]
[Date "2014.06.29"]
[Round "3.10"]
[White "Papakonstantinou, Georgios"]
[Black "Georgakopoulos, Nikolaos K"]
[Result "0-1"]
[WhiteElo "1310"]
[BlackElo "1577"]
[PlyCount "92"]
[EventDate "2014.06.28"]
[EventType "team-swiss"]
[EventRounds "7"]
[EventCountry "GRE"]
[SourceTitle "CBM 161 Extra"]
[Source "ChessBase"]
[SourceDate "2014.08.29"]
[SourceVersion "1"]
[SourceVersionDate "2014.08.29"]
[SourceQuality "1"]
[WhiteTeam "Irakleiou CN"]
[BlackTeam "Chania ADA"]
[WhiteTeamCountry "GRE"]
[BlackTeamCountry "GRE"]

1. e4 c5 2. Nf3 Nc6 3. Bb5 e6 4. 0-0 Nge7 5. d4 cxd4 6. Nxd4 a6 7. Nxc6 Nxc6 8. Bd3 Be7 9. Qg4 Bf6 10. Nc3 0-0 11. Be3 Ne5 12. Qe2 Nxd3 13. Qxd3 Qc7 14. Ne2 b5 15. Bf4 Be5 16. Bxe5 Qxe5 17. f4 Qc5+ 18. Rf2 Bb7 19. c3 Rac8 20. Ng3 Rfd8 21. Rd1 b4 22. cxb4 Qxb4 23. Qb3 Qxb3 24. axb3 d5 25. e5 g6 26. Rfd2 d4 27. Ne2 d3 28. Nc3 Rd4 29. Rxd3 Rxf4 30. Rd8+ Rxd8 31. Rxd8+ Kg7 32. Rb8 Rb4 33. Na4 Rb5 34. g3 g5 35. Nc3 Rxb3 36. Ne4 Rxb2 37. Nf6 Rb4 38. Ne8+ Kh6 39. Nd6 Rb1+ 40. Kf2 Be4 41. Rg8 Bg6 42. Nc4 Rb4 43. Ne3 a5 44. Kf3 Bh5+ 45. g4 Bg6 46. Ra8 Be4+ 0-1

[Event "GRE-ch U18"]
[Site "Thessaloniki"]
[Date "2014.01.03"]
[Round "2"]
[White "Papakonstantinou, Georgios"]
[Black "Pasoglou, Ekaterini"]
[Result "0-1"]
[WhiteElo "1319"]
[BlackElo "1626"]
[PlyCount "56"]
[EventDate "2014.01.02"]
[EventType "swiss"]
[EventRounds "9"]
[EventCountry "GRE"]
[SourceTitle "EXT 2017"]
[Source "ChessBase"]
[SourceDate "2016.10.25"]
[SourceVersion "1"]
[SourceVersionDate "2016.10.25"]
[SourceQuality "1"]

1. e4 c5 2. Nf3 d6 3. Bb5+ Nc6 4. Bxc6+ bxc6 5. 0-0 Bg4 6. c3 Nf6 7. Re1 e6 8. d4 cxd4 9. cxd4 d5 10. exd5 cxd5 11. Nc3 Bd6 12. h3 Bh5 13. Bg5 0-0 14. Qd3 h6 15. Bxf6 Qxf6 16. Ne5 Rad8 17. Nc6 Rd7 18. Ne5 Rb7 19. Rab1 Rfb8 20. Nc6 Rc8 21. Na5 Rb6 22. Qd2 Rcb8 23. Nb3 Bf4 24. Qd3 Bg6 25. Qe2 Bxb1 26. Rxb1 Bd6 27. Na4 Rb4 28. Nc3 Qe7 0-1

[Event "GRE-ch U12"]
[Site "Patras"]
[Date "2013.07.13"]
[Round "8.18"]
[White "Sofronas, Andreas"]
[Black "Papakonstantinou, Georgios"]
[Result "0-1"]
[WhiteElo "1256"]
[BlackElo "1300"]
[PlyCount "54"]
[EventDate "2013.07.08"]
[EventType "swiss"]
[EventRounds "9"]
[EventCountry "GRE"]
[SourceTitle "EXT 2024"]
[Source "ChessBase"]
[SourceDate "2023.10.10"]
[SourceVersion "1"]
[SourceVersionDate "2023.10.10"]
[SourceQuality "1"]

1. d4 Nf6 2. Nf3 e6 3. e3 c5 4. Bd3 d5 5. b3 Nc6 6. Bb2 Bd6 7. 0-0 0-0 8. Nbd2 b6 9. c4 cxd4 10. exd4 Qc7 11. Rc1 Ba6 12. Qe2 dxc4 13. Nxc4 Bxc4 14. Rxc4 Qd7 15. Ne5 Bxe5 16. dxe5 Nd5 17. Qc2 Rfc8 18. Bxh7+ Kf8 19. Ba3+ Ke8 20. Rd1 Nxe5 21. Rxc8+ Rxc8 22. Qb2 Qc7 23. Re1 f6 24. Be4 Nf4 25. Rd1 Rd8 26. Rxd8+ Qxd8 27. g3 Qd1# 0-1

[Event "GRE-ch U12"]
[Site "Patras"]
[Date "2013.07.11"]
[Round "6.13"]
[White "Papakonstantinou, Georgios"]
[Black "Doudoulakakis, Athanasios"]
[Result "1/2-1/2"]
[WhiteElo "1300"]
[BlackElo "1530"]
[PlyCount "55"]
[EventDate "2013.07.08"]
[EventType "swiss"]
[EventRounds "9"]
[EventCountry "GRE"]
[SourceTitle "EXT 2024"]
[Source "ChessBase"]
[SourceDate "2023.10.10"]
[SourceVersion "1"]
[SourceVersionDate "2023.10.10"]
[SourceQuality "1"]

1. e4 e5 2. Nf3 Nc6 3. d4 exd4 4. Bc4 Bc5 5. c3 Nf6 6. e5 d5 7. Bb5 Ne4 8. Nxd4 Bd7 9. Bxc6 bxc6 10. f3 Ng5 11. f4 Ne4 12. Be3 0-0 13. 0-0 Re8 14. Nd2 Nxd2 15. Qxd2 Bxd4 16. cxd4 f5 17. Rf3 Qe7 18. Rh3 a5 19. Rf1 a4 20. Rff3 Reb8 21. a3 Be8 22. Qc2 Qd7 23. Bc1 g6 24. Re3 Qe6 25. Rh6 Rd8 26. Reh3 Rd7 27. Rc3 Rdd8 28. Rch3 1/2-1/2

[Event "GRE-chT 41st"]
[Site "Achaia"]
[Date "2013.07.06"]
[Round "6.10"]
[White "Stefanatos, Gerasimos"]
[Black "Papakonstantinou, Georgios"]
[Result "1-0"]
[WhiteElo "1502"]
[BlackElo "1300"]
[PlyCount "81"]
[EventDate "2013.07.02"]
[EventType "team-swiss"]
[EventRounds "7"]
[EventCountry "GRE"]
[SourceTitle "CBM 155 Extra"]
[Source "ChessBase"]
[SourceDate "2013.08.26"]
[SourceVersion "1"]
[SourceVersionDate "2013.08.26"]
[SourceQuality "1"]
[WhiteTeam "Patron CN"]
[BlackTeam "Irakleiou CN"]
[WhiteTeamCountry "GRE"]
[BlackTeamCountry "GRE"]

1. e4 c5 2. c3 d5 3. exd5 Qxd5 4. d4 Nf6 5. Nf3 Bg4 6. Be2 cxd4 7. cxd4 e6 8. Nc3 Qd7 9. Be3 Nc6 10. 0-0 Be7 11. Qb3 0-0 12. Ne5 Nxe5 13. dxe5 Bxe2 14. exf6 Bxf1 15. fxe7 Qxe7 16. Rxf1 Rfd8 17. Rd1 Rxd1+ 18. Nxd1 b6 19. Nc3 Rd8 20. h3 h6 21. Qa4 Qd7 22. Qxd7 Rxd7 23. Kf1 Kh7 24. Ke2 Kg6 25. b4 f6 26. a4 f5 27. Nb5 a6 28. Na3 b5 29. a5 Kf6 30. Nb1 g5 31. Nd2 e5 32. Nb3 e4 33. Bb6 Rd3 34. Nc5 Rc3 35. Nxa6 Rc2+ 36. Kd1 Rb2 37. Kc1 Re2 38. Nc7 Re1+ 39. Kd2 Rb1 40. a6 Rb2+ 41. Kc3 1-0

[Event "GRE-chT U16"]
[Site "Patras"]
[Date "2012.12.17"]
[Round "5.4"]
[White "Papakonstantinou, Georgios"]
[Black "Triantos, Konstantinos"]
[Result "0-1"]
[WhiteElo "1299"]
[BlackElo "1401"]
[PlyCount "94"]
[EventDate "2012.12.15"]
[EventType "team"]
[EventRounds "5"]
[EventCountry "GRE"]
[SourceTitle "EXT 2020"]
[Source "ChessBase"]
[SourceDate "2019.10.17"]
[SourceVersion "1"]
[SourceVersionDate "2019.10.17"]
[SourceQuality "1"]

1. e4 c5 2. Nf3 d6 3. Bb5+ Bd7 4. Bxd7+ Qxd7 5. c3 Nf6 6. Qe2 Nc6 7. 0-0 g6 8. Re1 Bg7 9. d4 cxd4 10. cxd4 0-0 11. Nc3 Nh5 12. Be3 Nf6 13. h3 e6 14. Rad1 d5 15. e5 Ne8 16. Qd2 f5 17. Na4 b6 18. Nc3 Nd8 19. Ne2 Nf7 20. Nc3 h6 21. h4 Kh7 22. Kh2 Rh8 23. Rh1 Bf8 24. Kg1 Be7 25. Ne2 Kg7 26. Nc3 Nc7 27. Ne2 Na6 28. a3 Nb8 29. Nc3 Qb7 30. Rc1 Nd7 31. Nb5 Rac8 32. Nc3 Nf8 33. Ne1 Nd7 34. Nf3 Nf8 35. Ne1 g5 36. hxg5 hxg5 37. Rxh8 Kxh8 38. Qe2 Kg7 39. Nd3 Ng6 40. f4 g4 41. Kf2 Rh8 42. Rg1 Qc8 43. g3 Bxa3 44. bxa3 Qxc3 45. Ne1 Rc8 46. Rh1 Qxa3 47. Kf1 b5 0-1

[Event "GRE-chT U16"]
[Site "Patras"]
[Date "2012.12.15"]
[Round "2.4"]
[White "Nikolakis, Panagiotis Marios"]
[Black "Papakonstantinou, Georgios"]
[Result "1-0"]
[WhiteElo "1447"]
[BlackElo "1299"]
[PlyCount "35"]
[EventDate "2012.12.15"]
[EventType "team"]
[EventRounds "5"]
[EventCountry "GRE"]
[SourceTitle "EXT 2020"]
[Source "ChessBase"]
[SourceDate "2019.10.17"]
[SourceVersion "1"]
[SourceVersionDate "2019.10.17"]
[SourceQuality "1"]

1. e4 c5 2. Nf3 d6 3. c3 Nf6 4. Be2 Nc6 5. d4 cxd4 6. cxd4 e6 7. Nc3 a6 8. 0-0 Be7 9. Be3 Bd7 10. h3 b5 11. e5 dxe5 12. dxe5 Ng8 13. Ne4 Qc7 14. Rc1 Rd8 15. Qc2 Bb4 16. a3 Ba5 17. Nd6+ Ke7 18. Bc5 1-0

[Event "GRE-ch U18"]
[Site "Nikaia"]
[Date "2012.01.05"]
[Round "4"]
[White "Papadopoulos, Georgios Nikea"]
[Black "Papakonstantinou, Georgios"]
[Result "1-0"]
[WhiteElo "1664"]
[BlackElo "1371"]
[PlyCount "63"]
[EventDate "2012.01.03"]
[EventType "swiss"]
[EventRounds "9"]
[EventCountry "GRE"]
[SourceTitle "CBM 146 Extra"]
[Source "ChessBase"]
[SourceDate "2012.02.29"]
[SourceVersion "1"]
[SourceVersionDate "2012.02.29"]
[SourceQuality "1"]

1. e4 c5 2. Nf3 Nc6 3. Nc3 d6 4. d4 cxd4 5. Nxd4 e5 6. Ndb5 a6 7. Na3 b5 8. Nd5 Be6 9. c4 b4 10. Qa4 bxa3 11. Qxc6+ Bd7 12. Qxa8 Qxa8 13. Nc7+ Kd8 14. Nxa8 axb2 15. Bxb2 Nf6 16. Bd3 Bc6 17. Nb6 Nxe4 18. Bxe4 Bxe4 19. 0-0 Kc7 20. Nd5+ Kd7 21. Rfe1 Bxd5 22. cxd5 Be7 23. Rab1 Rc8 24. Rec1 Rd8 25. Ba3 Bg5 26. Rb7+ Ke8 27. Rcc7 Ra8 28. Rxf7 Rc8 29. Rxg7 Bh6 30. Rg8+ Bf8 31. g3 Rd8 32. Bxd6 1-0